• 首页
  • 本馆介绍
  • 公告通知
  • 最新文献
  • 馆藏检索
  • 电子资源
  • 读者导购
  • 参考咨询
  • 我的图书馆
  • 登录
  • 详细信息显示
  • 放入我的书架
  • 预约/预借图书
  • 作者相关作品
  • 分类相关作品
  • 丛书相关作品
  • 出版社相关作品

书目信息

  • 表格格式
  • 工作单格式
  • 卡片格式
书名: Phosphorus chemistry
作者: Louis D. Quin, editor, John G. Verkade, editor.
分册号:
分册名:
出版地: Washington, D.C. :
 
出版社: American Chemical Society
出版时间: 1981.
页数: xvi, 640 p. :
开本: 24 cm.
丛书名: ACS symposium series
中图分类号:
科图分类号:
其他分类号: O613.62
主题词:
电子资源:
000 01157pam 2200289 a 4504
001 E0753576675
005 20070301145512.35
008 030623s1981 dcua b 101 0 eng
010    @a81014956
020    @a0841206635.
035    @a0328-28860
040    @aDLC@cDLC@dOUN
050 00 @aQD181.P1@bI57 1981
090    @aO613.62
099    @dO613.62@ex7
111 2  @aInternational Conference on Phosphorus Chemistry@d(1981 :@cDuke University)
245 10 @aPhosphorus chemistry :@bproceedings of the 1981 International Conference / @cLouis D. Quin, editor, John G. Verkade, editor.
260    @aWashington, D.C. :@bAmerican Chemical Society,@c1981.
300    @axvi, 640 p. :@bill. ;@c24 cm.
440  0 @aACS symposium series,@x0097-6156 ;@v171.
500    @a"Based on the International Conference on Phosphorus Chemistry at Duke University, Durham, North Carolina, June 1-5, 1981."
504    @aIncludes bibliographical references and index.
650  0 @aPhosphorus@xCongresses.
700 10 @aQuin, Louis D.,@d1928-
700 10 @aVerkade, John G.,@d1935-
710 20 @aAmerican Chemical Society.
920    @a232010@z2
    
    Phosphorus chemistry : : proceedings of the 1981 International Conference / / Louis D. Quin, editor, John G. Verkade, editor.-Washington, D.C. : : American Chemical Society, , 1981.
    xvi, 640 p. : : ill. ; ; 24 cm.- (ACS symposium series, 0097-6156 ; 171. )
    "Based on the International Conference on Phosphorus Chemistry at Duke University, Durham, North Carolina, June 1-5, 1981." .-Includes bibliographical references and index.
    
    ISBN 0841206635.
    
●
相关链接 在E读中查询图书 在五车中查询图书 在当当中查询图书 在豆瓣中查询图书


正题名:Phosphorus chemistry     索取号:O613.62/x7         预约/预借

序号 登录号 条形码 馆藏地/架位号 状态 备注
1 181994   000637261   第二样本阅览室/ [索取号:O613.62/x7] 在馆    
2 181995   000637243   第四借阅区/ [索取号:O613.62/x7] 在馆    
3 181996   000637252   第四借阅区/ [索取号:O613.62/x7] 在馆    
唐山师范学院图书馆 欢迎您!
大连网信软件有限公司© 版权所有